Asian Countries by City - Statistics

General Stats
  • This quiz has been taken 87 times
  • The average score is 18 of 26
Answer Stats
City Country % Correct
Tokyo Japan
99%
Mecca Saudi Arabia
97%
Guangzhou China
92%
Ho Chi Minh City Vietnam
92%
Kolkata India
89%
Ulaanbataar Mongolia
86%
Karachi Pakistan
86%
Yerevan Armenia
82%
Muscat Oman
82%
Vientiane Laos
81%
Chengdu China
79%
Bishkek Kyrgyzstan
79%
Manama Bahrain
72%
Daegu South Korea
71%
Basrah Iraq
69%
Haifa Israel
68%
Pattaya City Thailand
65%
Chittagong Bangladesh
64%
Bandung Indonesia
60%
Palembang Indonesia
53%
Sendai Japan
53%
Davao Philippines
53%
Gaziantep Turkey
51%
Hamhung North Korea
46%
Al Ain United Arab Emirates
46%
Kars Turkey
28%
No matching quizzes found
Score Distribution
Percent of People with Each Score
Percentile by Number Answered
Your Score History
You have not taken this quiz